LEADER 01138nas 2200397-a 450 001 996217557603316 005 20230518213020.0 011 $a1573-1995 035 $a(DE-599)ZDB2004285-1 035 $a(OCoLC)41558087 035 $a(CKB)954925618124 035 $a(CONSER)--2006242040 035 $a(EXLCZ)99954925618124 100 $a19990617a19919999 s-- - 101 0 $aeng 135 $aurmnu|||||||| 181 $ctxt$2rdacontent 182 $cc$2rdamedia 183 $acr$2rdacarrier 200 10$aBT technology journal 210 $a[Dordrecht] $cSpringer Netherlands 311 $a1358-3948 531 $aBT TECHNOL J 606 $aTelecommunication$zGreat Britain$vPeriodicals 606 $aTélécommunications$zGrande-Bretagne$vPériodiques 606 $aTelecommunication$2fast$3(OCoLC)fst01145830 607 $aGreat Britain$2fast 608 $aPeriodicals.$2fast 615 0$aTelecommunication 615 6$aTélécommunications 615 7$aTelecommunication. 676 $a621.382 906 $aJOURNAL 912 $a996217557603316 996 $aBT technology journal$92303054 997 $aUNISA